000 00867cam a2200301 a 4500
003 DLC
005 20241220105650.0
008 990816s0001 nyua b 000 1 eng
001 99045404
010 _a 99045404
020 _a0060289333
020 _a0060289341 (lib. bdg)
035 _a(Sirsi) i9780060289331
040 _aDLC
_cDLC
042 _alcac
050 0 0 _aPZ7.S6058
_bSt 2001
082 0 0 _a[E]
_221
082 _aSIM
092 _aSIM
100 1 _aSimont, Marc.
_95873
245 1 4 _aThe stray dog :
_bfrom a true story by Reiko Sassa /
_cretold and illustrated by Marc Simont.
260 _aNew York :
_bHarperCollins Publishers,
_c2001.
300 _a[30] p. :
_bcol. ill. ;
_c28 cm.
520 _aA family befriends a stray dog, names him Willy, and decides to keep him.
942 _cBOOK
_090
979 _a301553
998 _aa20521
999 _c10858
_d10858